[Event "Challenge"]
[Site "http://www.queenalice.com/game.php?id=95162"]
[Date "2006.8.12"]
[Round "-"]
[White "PGeon"]
[Black "kqrpnb"]
[Result "1-0"]
[WhiteElo "1391"]
[BlackElo "1391"]

1. d4 g6 2. e4 Bg7 3. Nf3 d6 4. g3 Nf6 5. Nc3 O-O 6. Bg2 Bg4 7. O-O Nc6 8. Re1
e5 9. d5 Nd4 10. Bg5 c6 11. Qd2 Bxf3 12. Bh3 Bxe4 13. Nxe4 Nf3+ 14. Kg2 Nxd2 15.
dxc6 Ndxe4 16. Bxf6 Nxf6 17. cxb7 1-0

[Event "AUTO-INT-168"]
[Site "http://www.queenalice.com/game.php?id=105556"]
[Date "2006.9.13"]
[Round "1"]
[White "kqrpnb"]
[Black "johkla"]
[Result "1-0"]
[WhiteElo "1455"]
[BlackElo "1484"]

1. e4 e5 2. Nf3 Nc6 3. Bc4 Be7 4. d4 Nxd4 5. Nxd4 exd4 6. Qxd4 Bf6 7. e5 Qe7 8.
Bf4 d6 9. Bg3 Bxe5 10. Bxe5 dxe5 11. Qd3 Nf6 12. Nc3 O-O 13. O-O-O Be6 14. Rhe1
Rad8 15. Qe2 Rxd1+ 16. Rxd1 Ng4 17. f3 Bxc4 18. Qxc4 Ne3 19. Nd5 Nxc4 20. Nxe7+
Kh8 21. Rd7 Ne3 22. g3 Nf1 23. Kd1 Nxh2 24. Ke2 f5 25. Nxf5 g6 26. Ng7 Rxf3 27.
Ne6 Rxg3 28. Rd8# 1-0

[Event "AUTO-INT-168"]
[Site "http://www.queenalice.com/game.php?id=105557"]
[Date "2006.9.13"]
[Round "1"]
[White "johkla"]
[Black "kqrpnb"]
[Result "0-1"]
[WhiteElo "1503"]
[BlackElo "1436"]

1. e4 c5 2. Nf3 d6 3. Bc4 Nf6 4. Ng5 e6 5. O-O Nxe4 6. Nxe4 d5 7. Bb5+ Bd7 8.
Bxd7+ Nxd7 9. Ng3 Bd6 10. Qf3 Ne5 11. Qe3 Qh4 12. d4 Ng4 13. h3 Nxe3 14. Bxe3
cxd4 15. Bd2 Rc8 16. c3 Bc5 17. cxd4 Bxd4 18. Na3 Qxg3 0-1

[Event "AUTO-INT-168"]
[Site "http://www.queenalice.com/game.php?id=105558"]
[Date "2006.9.13"]
[Round "1"]
[White "kqrpnb"]
[Black "vult0"]
[Result "1-0"]
[WhiteElo "1384"]
[BlackElo "1668"]

1. e4 Nc6 2. Nf3 e5 3. c3 Nf6 4. d4 Bd6 5. d5 Ne7 6. Bg5 Nxe4 7. Bh4 f6 8. Bd3
Nc5 9. c4 Nf5 10. Bxf5 c6 11. b4 Na6 12. c5 Bb8 13. d6 Nxb4 14. Nxe5 O-O 15. Qh5
h6 16. Qg6 1-0

[Event "AUTO-INT-168"]
[Site "http://www.queenalice.com/game.php?id=105559"]
[Date "2006.9.13"]
[Round "1"]
[White "vult0"]
[Black "kqrpnb"]
[Result "0-1"]
[WhiteElo "1643"]
[BlackElo "1411"]

1. e4 c5 2. d4 cxd4 3. Qxd4 Nc6 4. Qe3 Nf6 5. Nc3 Nb4 6. Qe2 d6 7. h3 g6 8. Qb5+
Nc6 9. Bg5 Bg7 10. O-O-O Bd7 11. Qxb7 Rb8 12. Qa6 O-O 13. g4 Ne5 14. Qe2 Qb6 15.
b3 Bc6 16. Bg2 Nfd7 17. Bxe7 Rfe8 18. Bxd6 Rb7 19. Nf3 Nxf3 20. Qxf3 Qa5 21. Kb2
Bxe4 22. Bf4 Bxf3 23. Bxf3 Qxc3+ 24. Kb1 Qa1# 0-1

[Event "Challenge"]
[Site "http://www.queenalice.com/game.php?id=108899"]
[Date "2006.9.22"]
[Round "-"]
[White "clarice"]
[Black "kqrpnb"]
[Result "0-1"]
[WhiteElo "1273"]
[BlackElo "1558"]

1. e4 e5 2. Bc4 Nf6 3. d3 c6 4. Nc3 a5 5. a3 d5 6. exd5 cxd5 7. Bb3 Bc5 8. Bg5
Qb6 9. Ba4+ Bd7 10. Bxd7+ Nbxd7 11. Nh3 d4 12. Na4 Qc6 13. Nxc5 Nxc5 14. O-O O-O
15. f4 e4 16. Bxf6 Qxf6 17. dxe4 Nxe4 18. Qd3 Nc5 19. Qf3 Qf5 20. Rf2 Rac8 21.
Rd1 Rfd8 22. Rfd2 Ne6 23. Qf2 Rc4 24. Re1 f6 25. Qe2 Rc6 26. Rf1 Qc5 27. f5 d3+
28. Qf2 Qxf2+ 29. Nxf2 dxc2 30. Rxd8+ Nxd8 31. Nd3 Rd6 32. Nc1 Nc6 33. Kf2 Ne5
34. Ke2 Nc4 35. Nd3 Rb6 36. Rc1 Nxb2 37. Rxc2 Nxd3 38. Kxd3 Rb3+ 39. Rc3 Rb2 40.
Rc2 Rxc2 41. Kxc2 b5 42. Kb3 Kf7 43. Kc3 Ke7 44. Kd4 Kd6 45. h4 b4 46. axb4 axb4
47. Kc4 Ke5 48. Kxb4 Kxf5 49. Kc4 Ke4 50. Kc3 Ke3 51. g4 h5 52. gxh5 f5 53. Kc2
Ke2 0-1

[Event "Challenge"]
[Site "http://www.queenalice.com/game.php?id=110015"]
[Date "2006.9.26"]
[Round "-"]
[White "kqrpnb"]
[Black "xmas"]
[Result "1-0"]
[WhiteElo "1483"]
[BlackElo "1463"]

1. e4 Nc6 2. Nf3 d6 3. d4 e6 4. Bb5 Ne7 5. d5 Bd7 6. dxc6 Nxc6 7. Nc3 g6 8. Bxc6
Bxc6 9. Qd4 e5 10. Nxe5 Bg7 11. Nxc6 Bxd4 12. Nxd8 Rxd8 13. Nb5 Be5 14. Nxc7+
Kd7 15. Nd5 Rc8 16. c3 Rc4 17. f3 b5 18. Be3 a5 19. Nb6+ Ke6 20. Nxc4 bxc4 21.
Bd4 Bxd4 22. cxd4 d5 23. O-O-O Ra8 24. exd5+ Kxd5 25. Rhe1 Rc8 26. Re5+ Kd6 27.
Rxa5 c3 28. b4 c2 29. Rd2 Rc4 30. b5 Kd5 31. b6+ Kc6 32. Rc5+ Rxc5 33. dxc5 Kxc5
34. b7 Kb6 35. b8=Q+ Kc6 36. Rd6+ Kc5 37. Qc7+ Kb5 38. Rb6+ Ka4 39. Qa7# 1-0

[Event "Challenge"]
[Site "http://www.queenalice.com/game.php?id=110016"]
[Date "2006.9.26"]
[Round "-"]
[White "xmas"]
[Black "kqrpnb"]
[Result "0-1"]
[WhiteElo "1443"]
[BlackElo "1498"]

1. d4 Nf6 2. c4 e6 3. g3 c5 4. Nf3 cxd4 5. Nxd4 d5 6. Bg2 dxc4 7. O-O Qd7 8. e3
Nd5 9. Nd2 b5 10. b3 c3 11. Nb1 b4 12. a3 Bb7 13. axb4 Bxb4 14. Qd3 Ba6 15. Qe4
Bxf1 16. Bxf1 O-O 17. Bb5 Qc7 18. Nxe6 fxe6 19. Qxe6+ Qf7 20. Qxf7+ Rxf7 21. Bc4
Rd7 22. e4 Nc6 23. exd5 Ne5 24. d6+ Nxc4 25. bxc4 Rxd6 26. Bf4 c2 27. Bxd6 c1=Q+
28. Kg2 Bxd6 29. h4 Qb2 30. Ra6 Bc5 31. Ra5 Qxf2+ 32. Kh3 Bd6 33. Rg5 Rc8 34.
Nc3 Rxc4 35. Nd1 Qf1+ 36. Kh2 Rc2+ 37. Nf2 Rxf2# 0-1

[Event "AUTO-INT-168"]
[Site "http://www.queenalice.com/game.php?id=158577"]
[Date "2007.1.24"]
[Round "2"]
[White "jcbraga"]
[Black "kqrpnb"]
[Result "0-1"]
[WhiteElo "1756"]
[BlackElo "1657"]

1. e4 c5 2. Nf3 e6 3. Bb5 a6 4. Be2 Bd6 5. d4 Ne7 6. dxc5 Bxc5 7. O-O O-O 8. a3
d5 9. exd5 Nxd5 10. c4 Nf6 11. b4 Be7 12. Qxd8 Rxd8 13. Bg5 Nc6 14. Bxf6 Bxf6
15. Ra2 Nd4 16. Nxd4 Rxd4 17. Rd2 Rxd2 18. Nxd2 Bb2 19. a4 Bc3 20. Ne4 Bxb4 21.
Rb1 a5 22. Bf3 f5 23. Ng3 Bd7 24. Bxb7 Ra7 25. Bf3 Bxa4 26. Ne2 Rc7 27. Ra1 Bb3
28. c5 Rxc5 29. Rc1 Rxc1+ 30. Nxc1 Bc4 31. h3 a4 32. Be2 Bxe2 33. Nxe2 Bd2 34.
Nd4 a3 35. Nb3 a2 36. Kf1 Bc3 37. Ke2 g5 38. Kd3 a1=Q 0-1

[Event "AUTO-INT-168"]
[Site "http://www.queenalice.com/game.php?id=158578"]
[Date "2007.1.24"]
[Round "2"]
[White "kqrpnb"]
[Black "jcbraga"]
[Result "1-0"]
[WhiteElo "1639"]
[BlackElo "1701"]

1. e4 e5 2. Nf3 Nc6 3. Bc4 h6 4. O-O d6 5. Nc3 Nf6 6. d4 exd4 7. Nxd4 Nxd4 8.
Qxd4 Be7 9. Nd5 O-O 10. Nxe7+ Qxe7 11. Re1 c5 12. Qd3 Be6 13. Bxe6 fxe6 14. e5
dxe5 15. Rxe5 b6 16. Qg6 Rad8 17. Bxh6 Qf7 18. Qg3 Nh5 19. Rxh5 Rd7 20. Rg5 Qf6
21. Rg6 Qxb2 22. Re1 Re7 23. h3 Qxc2 24. Rxg7+ Kh8 25. Rxe7 Rg8 26. Qe5+ 1-0

[Event "Brazil beats USA"]
[Site "http://www.queenalice.com/game.php?id=189463"]
[Date "2007.3.29"]
[Round "-"]
[White "kqrpnb"]
[Black "tranquilli_calmo"]
[Result "1-0"]
[WhiteElo "1623"]
[BlackElo "1616"]

1. e4 c6 2. d4 d6 3. Nc3 Nf6 4. Bg5 Bg4 5. f3 Bh5 6. h4 Nbd7 7. g4 Bg6 8. h5 h6
9. Bxf6 gxf6 10. hxg6 fxg6 11. Qd3 Qb6 12. O-O-O O-O-O 13. Nge2 e5 14. d5 Nc5
15. Qc4 Na6 16. dxc6 Qxc6 17. Qe6+ Qd7 18. Qxf6 Rg8 19. Qh4 Qf7 20. Qf2 Nc5 21.
Nd5 Bg7 22. Nec3 Kb8 23. Nb5 b6 24. Nbc7 Nxe4 25. Na6+ Kb7 26. Qe3 Ng3 27. Bb5
Nxh1 28. Qe4 Nf2 29. Qa4 Nxd1 30. Nac7 1-0